| 000 | 01039nam a22003257a 4500 | ||
|---|---|---|---|
| 003 | CHAP | ||
| 005 | 20220329140841.0 | ||
| 008 | 971013s1981 r 00010 d | ||
| 010 | _a58608 | ||
| 011 | _a59580 | ||
| 035 | _a63739 | ||
| 040 | _cCHAP | ||
| 082 |
_a574.876 _bS83 1981 |
||
| 100 | 0 | 0 |
_aSwanson, Carl P. _9110864 |
| 245 |
_aCytogenetics _b: the chromosome in division, inheritance and evolution |
||
| 250 | _a2 ed. | ||
| 260 |
_aEnglewood Cliffs, N. J. : _bPrentice-Hall, _c1981 |
||
| 300 |
_a577 p. _b: ilus. ; gráfs. |
||
| 590 |
_aBATCH-UPD _b10 _c20130109 _lUCH01 _h2355 |
||
| 590 |
_aBATCH-UPD _b10 _c20130110 _lUCH01 _h0658 |
||
| 590 |
_aBATCH-UPD _b10 _c20130409 _lUCH01 _h1928 |
||
| 590 |
_aBATCH-UPD _b10 _c20130914 _lUCH01 _h0942 |
||
| 590 |
_aCONVERSION _b10 _c20130109 _lUCH01 _h1331 |
||
| 650 | 1 | 4 |
_aCitogenética. _923485 |
| 700 | 0 |
_aMorz, Timothy. _978981 |
|
| 700 | 0 |
_aYoung, William J. _9123241 |
|
| 901 | _aBK | ||
| 942 | _cLIBRO | ||
| 949 |
_a574.876 S83 1981 _bBC _cLIBRO _d33724000474037 _eLIBRO _h55696 _i63739 _si |
||
| 999 |
_c58608 _d58608 |
||